[Event "Porticcio op 12th"]
[Site "Porticcio"]
[Date "2010.04.05"]
[Round "8"]
[White "Dehainault, Christian"]
[Black "Lorenzi, Philippe"]
[Result "0-1"]
[WhiteElo "1701"]
[BlackElo "1815"]
[PlyCount "36"]
[EventDate "2010.04.01"]
[EventType "swiss"]
[EventRounds "9"]
[EventCountry "FRA"]
[SourceTitle "EXT 2012"]
[Source "ChessBase"]
[SourceDate "2011.11.24"]
[SourceVersion "1"]
[SourceVersionDate "2011.11.24"]
[SourceQuality "1"]

1. d4 d5 2. c4 e5 3. dxe5 d4 4. Nf3 Nc6 5. g3 Be6 6. Nbd2 Bb4 7. a3 Bxd2+ 8. Qxd2 Bxc4 9. Qb4 Ba6 10. Qd2 Nge7 11. b4 Qd5 12. Qg5 d3 13. Qd2 Nxe5 14. Rg1 Nxf3+ 15. exf3 Qxf3 16. Bb2 0-0-0 17. Rc1 Nd5 18. Bg2 Rhe8+ 0-1

[Event "Porticcio op 12th"]
[Site "Porticcio"]
[Date "2010.04.05"]
[Round "7"]
[White "Lorenzi, Philippe"]
[Black "Bedini, Noel"]
[Result "1-0"]
[WhiteElo "1815"]
[BlackElo "1636"]
[PlyCount "89"]
[EventDate "2010.04.01"]
[EventType "swiss"]
[EventRounds "9"]
[EventCountry "FRA"]
[SourceTitle "EXT 2012"]
[Source "ChessBase"]
[SourceDate "2011.11.24"]
[SourceVersion "1"]
[SourceVersionDate "2011.11.24"]
[SourceQuality "1"]

1. d4 d5 2. Nf3 Nf6 3. c4 c6 4. Nc3 e6 5. Bg5 Nbd7 6. cxd5 cxd5 7. Qc2 Bd6 8. e4 dxe4 9. Nxe4 Qa5+ 10. Bd2 Bb4 11. Nd6+ Ke7 12. Nc4 Bxd2+ 13. Nfxd2 Qd5 14. Qc3 b6 15. Qb4+ Kd8 16. Nd6 Rf8 17. Nf3 a5 18. Qa3 Ba6 19. Bxa6 Rxa6 20. Qd3 Nb8 21. Nb5 Qe4+ 22. Kd2 Qxd3+ 23. Kxd3 Nd5 24. a3 Kd7 25. Rac1 Ra8 26. Ne5+ Kd8 27. g3 f6 28. Nc4 Kd7 29. Ncd6 Na6 30. f4 Nac7 31. Rc2 Nxb5 32. Nxb5 Rfc8 33. Rhc1 Rxc2 34. Rxc2 Rc8 35. Rxc8 Kxc8 36. Ke4 g6 37. g4 h6 38. f5 gxf5+ 39. gxf5 Kd7 40. Nc3 Ne7 41. fxe6+ Kxe6 42. d5+ Kd6 43. Nb5+ Kd7 44. d6 Nc8 45. Kf5 1-0

[Event "Bastiais Master 3rd"]
[Site "Bastia"]
[Date "2006.03.17"]
[Round "7"]
[White "Luciani, Thibault"]
[Black "Lorenzi, Philippe"]
[Result "1-0"]
[WhiteElo "1850"]
[BlackElo "1790"]
[PlyCount "149"]
[EventDate "2006.01.14"]
[EventType "swiss"]
[EventRounds "9"]
[EventCountry "FRA"]
[SourceTitle "EXT 2007"]
[Source "ChessBase"]
[SourceDate "2006.11.23"]
[SourceVersion "1"]
[SourceVersionDate "2006.11.23"]
[SourceQuality "1"]

1. e4 d5 2. exd5 Qxd5 3. Nc3 Qa5 4. Bc4 Nf6 5. d3 e6 6. Bd2 Qb6 7. Bb3 Bd7 8. Qe2 Nc6 9. Nf3 Be7 10. 0-0-0 Na5 11. Ba4 Bxa4 12. Nxa4 Qb5 13. Nc3 Qa6 14. Rdg1 Nc6 15. g4 0-0-0 16. Kb1 Nb4 17. d4 Qa5 18. a3 Nc6 19. g5 Nd5 20. Nxd5 Qxd5 21. c4 Nxd4 22. cxd5 Nxe2 23. Re1 Rxd5 24. Rxe2 Rhd8 25. Be3 Rf5 26. Nd4 Re5 27. Rd2 Bxg5 28. Bxg5 Rxg5 29. Rhd1 Rgd5 30. Nb3 Rxd2 31. Rxd2 Rxd2 32. Nxd2 Kd7 33. Kc2 Kd6 34. Kd3 Kd5 35. Ne4 h6 36. b4 c6 37. Nc3+ Ke5 38. Ke3 g5 39. Ne4 f5 40. Nc5 b6 41. Nd7+ Kd6 42. Nf8 e5 43. Ng6 h5 44. h4 g4 45. f4 gxf3 46. Kxf3 Ke6 47. Nf8+ Kd5 48. Nd7 c5 49. bxc5 bxc5 50. Nf6+ Ke6 51. Nxh5 Kf7 52. Ng3 Ke6 53. h5 c4 54. h6 Kf6 55. h7 Kg7 56. Nxf5+ Kxh7 57. Ke4 Kg6 58. Kxe5 c3 59. Nd4 Kf7 60. Kd6 Kf6 61. a4 a5 62. Kc6 Ke7 63. Kc5 Kd7 64. Kc4 Kd6 65. Kxc3 Kc5 66. Nb3+ Kb6 67. Kc4 Kc6 68. Nxa5+ Kb6 69. Kb4 Ka6 70. Nc4 Ka7 71. a5 Ka8 72. Kb5 Kb8 73. Kb6 Ka8 74. Ka6 Kb8 75. Nb6 1-0

[Event "Bastiais Master 3rd"]
[Site "Bastia"]
[Date "2006.01.27"]
[Round "2"]
[White "Lorenzi, Philippe"]
[Black "Gil, Ludovic"]
[Result "0-1"]
[WhiteElo "1790"]
[BlackElo "1785"]
[PlyCount "48"]
[EventDate "2006.01.14"]
[EventType "swiss"]
[EventRounds "9"]
[EventCountry "FRA"]
[SourceTitle "EXT 2007"]
[Source "ChessBase"]
[SourceDate "2006.11.23"]
[SourceVersion "1"]
[SourceVersionDate "2006.11.23"]
[SourceQuality "1"]

1. Nf3 Nf6 2. d4 d5 3. c4 e6 4. Bg5 c6 5. Nc3 dxc4 6. e4 b5 7. e5 h6 8. Bh4 g5 9. Nxg5 hxg5 10. Bxg5 Be7 11. exf6 Bxf6 12. Bxf6 Qxf6 13. Ne4 Qe7 14. a3 f5 15. Nc5 e5 16. Be2 Qd6 17. Bh5+ Ke7 18. Bf3 exd4 19. b4 d3 20. Qd2 Kf7 21. h3 Qe5+ 22. Be2 Qxa1+ 23. Bd1 Re8+ 24. Kf1 Re2 0-1